000 01621nam a2200217Ia 4500
003 OSt
005 20260509113537.0
008 210210b2000 xxu||||| |||| 00| 0 eng d
040 _cAL
041 _aKannada
082 _a954.84K DESV
100 _aDESAI (V H).
_dದೇಸಾಯಿ (ವಿ ಎಚ್)
_9263733
245 _aVande Mataram dinda Janaganamana davarege.
_bವಂದೇ ಮಾತರಂ ದಿಂದ ಜನಗಣಮನ ದವರಿಗೆ.
260 _aBangalore.
_bLoka Shikshana Trust Granthamale.,
_c2000
300 _a288
520 _aThe book gives a slice of Indian history with all the agonies and ecstasies. This is a first hand account of the people's struggle against a wily and cunning ruler, relying on the support of the fanatical Razakars. In 1939, the Nizam banned the singing of Vande Mataram which was disastrous. The author is Hyderabad born and as such knows the ins and outs of the happenings at that time. Hyderabad joined India on September 18, 1948 and this book is set in the period from the time when Vande Mataram was banned to the time when Hyderabad joined India. The details of atrocities committed at that time, the white paper on Hyderabad have been reproduced in the book.
650 _a ಈ ಕೃತಿಯು ಹೈದರಾಬಾದ್ ವಿಮೋಚನಾ ಹೋರಾಟದ ಕಥೆಯನ್ನು (Saga of Hyderabad Freedom Struggle) ವಂದೇ ಮಾತರಂ ಮತ್ತು ಜನಗಣಮನ ಹಿನ್ನೆಲೆಯಲ್ಲಿ ವಿವರಿಸುತ್ತದೆ.
_9263736
690 _aIndian History
_9263735
906 _a047727
942 _2ddc
_cBK
999 _c96496
_d96496